| 000 | 02161nam0a2200397 i 4500 | ||
|---|---|---|---|
| 001 | RU\NLR\BIBL_A\010530948 | ||
| 005 | 20260406164820.0 | ||
| 010 |
_a9785872379911 _9200 |
||
| 021 |
_aRU _b2014-68027 _94167 |
||
| 035 | _a(NILC)RuMoRGB-007549132 | ||
| 035 | _a(NLR Aleph) 010530948 | ||
| 090 |
_a10256890 _c10256890 |
||
| 100 | _a20141114d2014 um y0rusy50 ca | ||
| 101 | 0 | _arus | |
| 102 | _aRU | ||
| 105 | _aach b 001yy | ||
| 200 | 1 |
_aПитирим Александрович Сорокин _eальбом-каталог из фондов Музея истории просвещения Коми края _fМ-во образования и науки Российской Федерации, ФГБОУ ВПО "Сыктывкарский гос. ун-т", Музей истории просвещения Коми края _g[авт. проекта, ред.-сост. д-р культурологии, проф. М. И. Бурлыкина] |
|
| 210 |
_aСыктывкар _cИзд-во СыктГУ _d2014 |
||
| 215 |
_a155 с., [30] л. ил., портр., факс, цв. ил. _d21 |
||
| 320 | _aБиблиогр. в тексте | ||
| 320 | _aИмен. указ.: с. 151-154 | ||
| 320 | _aСписок трудов П. А. Сорокина: с. 33-43 | ||
| 600 | 1 |
_aСорокин _bП.А. _f1889 - 1968 _gПитирим Александрович _jБиографии _91687111 _3RU\NLR\AUTH\661048200 |
|
| 601 | 0 | 2 |
_aМузей истории просвещения Коми края _cСыктывкар |
| 686 | 1 | _aС51(7США)6-15-1 | |
| 686 | 1 | _aЮ3(7США)6-1 | |
| 702 | 1 |
_4570 _7ca _8rus _aСорокин _bП. А. _cсоциолог, писатель _f1889-1968 _gПитирим Александрович _9120992 _3RU\NLR\AUTH\7711238 |
|
| 702 | 1 |
_aБурлыкина _bМ. И. _f1949- _gМайя Ивановна _4220 |
|
| 711 | 0 | 2 |
_aМузей истории просвещения Коми края _cСыктывкар _9358386 _3RU\NLR\AUTH\889931477 |
| 801 | 0 |
_aRU _bРГБ _c20140909 _gRCR |
|
| 942 | _cBOOK | ||
| 980 | _aNBR | ||